000 01314nmm a2200373 a 4500
001 ocm000779941
003 TR-IsHL
005 20201028152603.0
008 150709s2008 tu tur
007 cr cn
020 _a9789758789207
035 _a779941
_b(N$T)
050 0 4 _aHG1615.25
_bB37 2008
090 0 4 _aHG1615.25
_bB37 2008
245 1 0 _aBasel II'ye geçiş öncesi KOBİ'lerde genel durum değerlendirmesi: sorunlar ve çözüm önerileri bildiriler kitabı, 02-03-04 Mayıs 2008
_h[electronic resource] /
_ced. Alev Katrinli ; yay.haz. Ece Erdener, Yasemin Zengin
250 _a1. bs.
260 _aİzmir :
_bİzmir Ekonomi Üniversitesi,
_c2008
300 _a353 p.
650 4 _aEkonomi ve Finans
650 4 _aEconomics and Finance
650 0 _aBanka yönetimi
650 0 _aBank management
650 0 _aRisk yönetimi
650 0 _aRisk management
650 0 _aBankalar ve bankacılık
_xStandartlar
650 0 _aBanks and banking
_xStandards
650 0 _aKüçük işletmeler
650 0 _aSmall business
650 7 _aBUSINESS & ECONOMICS / Small Business
_2bisacsh
700 1 _aKatrinli, Alev
700 1 _aErdener, Ece
700 1 _aZengin, Yasemin
856 4 0 _uhttp://search.ebscohost.com/login.aspx?direct=true&scope=site&db=e011xww&AN=779941
999 _c11604
_d11604